=LDR 00000nam 2200000 4500 =001 INLIS000000000025592 =005 20130612124105 =008 ***********************************ind** =035 ##$$0010-061300000025592 =041 ##$$a ind =082 ##$$a 350 =090 ##$$a 350, COK g =100 ##$$a Cokroamijoyo, Bintoro =245 ##$$a Good Governace, Paradigma baru manajemen pembangunan, Bintoro Tjokroamidjojo =260 ##$$a 2000 $b Jakarta =300 ##$$a xi, 124 hlm., 23 cm =650 ##$$a Administrasi Negara =850 ##$$a NBPNMAT